000
00292 a2200133 4500
005
20250702071707.0
020
_a
0-7011-6717-3
082
_a
658 RIC
100
_a
RICE, A.
245
_a
The Vampire Armand,
260
_a
London,
_b
Britain,
_c
1998.
300
_a
385p,
_c
24cm.
942
_2
ddc
_c
BKS
999
_c
6532
_d
6532